Lengua y Literatura : 1 bachillerato

Gespeichert in:
Bibliographische Detailangaben
Weitere Verfasser: Nicolás Vicioso, Carmen
Format: Buch
Sprache:Spanisch
Erschienen: Madrid : Bruño, D. L. 2008
Katalog:MANES:  Suchergebnis im Bibliothekskatalog
Schulbuchspezifische Eigenschaften:
Tags: Tag hinzufügen
Keine Tags, Fügen Sie den ersten Tag hinzu!
Hinzugefügt zu:29.11.1999
Geändert in:07.05.2025

MARC

LEADER 00000cam a2200000 i 4500
005 20250507134435.0
008 000000s2008 espa fp 000 0 spa d
020 |a 9788421662960 
040 |a uned  |b spa  |c entro-manes 
245 0 0 |a Lengua y Literatura :   |b 1 bachillerato /   |c Carmen Nicolás Vicioso ... [et al.] 
260 |a Madrid :   |b Bruño,   |c D. L. 2008 
300 |a 350 p. :   |b il. +   |e 1 cuadernillo (31 p.) 
500 |a Incluye cuadernillo: Resumen de contenidos: La variedad de los discursos. Conocimiento de la lengua. El discurso literario. 
546 |a España 
561 |5 es-BUNED  |3 L.T.M. 2210  |a España. Fondo Manes UNED  |k MANES 
690 0 |a LEN 
691 0 |a SE 
700 1 |a Nicolás Vicioso, Carmen  |9 38501 
942 |2 ddc  |c BK 
999 |c 94549  |d 94549 
999 |c manes:94549  |d 94549